000
00221 a2200097 4500
001
1495
100
_a
Stewart,.D.S
245
_a
Practial design of simple steel structures
260
_a
_b
Asia pubs
_c
090
_c
1037
_d
1037
942
_a
NUST-CAE
_c
M
_c
414
999
_c
236568
_d
236568